Nagy az elkallódó tehetségek száma

Podrobná bibliografia
Hlavní autori: Zsebik, Ildikó (ain), Hadas, Katalin (Autor, uin)
Médium: Článok
Jazyk:maďarčina
Fyzický popis:Fotogr.
ISSN:1335-6631
Predmet:

MARC

LEADER 00000nab a2200000 a 4500
001 vtls000765135
003 SK-MaSNL
005 20260318132852.0
008 160405c2001 xo 0 hun
015 |a SNBRB2001/08-23128 
035 |a CLN000116922 
040 |a SNKBUCL  |b slo  |c SNKBUCL  |e AACR2 
041 0 |a hun 
044 |a xo  |c SK 
080 |a 159.9-051(437.6=945.11)  |2 1997 
080 |a 159.922.7  |2 1997 
100 1 |a Zsebik, Ildikó  |4 ain  |9 840447 
245 1 0 |a Nagy az elkallódó tehetségek száma  |c Zsebik Ildikó, dr. Hadas Katalin pszichológus 
300 |b Fotogr. 
600 1 7 |a Hadas, Katalin  |2 snkbucl  |9 849966 
650 0 7 |a psychológia dieťaťa  |2 snkbucl  |9 1793 
651 7 |a 806  |2 snkbucl  |9 296874 
655 7 |a články z novín a časopisov  |2 snkbucl  |9 267496 
700 1 |a Hadas, Katalin  |4 aut  |4 uin  |9 849966 
773 0 |x 1335-6631  |t Szabad újság  |g Roč. 9, č. 29 (2001), s. 3 
850 |a Slovenská národná knižnica v Martine 
852 |a SNK  |b KIS3GCP 
958 |a HU 
958 |a SK 
958 |a RBX 
999 |c 2160174  |d 2162104